000 00547nam a2200193Ia 4500
003 GCL
008 140319s9999 xx 000 0 ara d
040 _aGCL /
_cGCL
082 0 4 _a891.7
_bك م
100 1 _aكورولينكو, ف.
245 1 0 _aالموسيقى الاعمى /
_cكورولينكو, ف.
700 1 _aمحمد القصاص
300 _a196 ص
490 _aمطبوعات الشرق
_v0
650 0 4 _aالادب
650 0 4 _aالادب الروسى
650 0 4 _aالادب الروسى المترجم
942 _2ddc
_cBK
999 _c41150
_d41150